| 000 | 00972nam2a22002531 4500 | ||
|---|---|---|---|
| 001 | RU\NLR\INFOCOMM16\1000100112 | ||
| 005 | 20040531123812.0 | ||
| 035 | _a(NLR Aleph) 002589444 | ||
| 090 |
_a3347828 _c3347828 |
||
| 100 | _a20040531d1913 |||y0rusy50 ba | ||
| 101 | 0 | _arus | |
| 102 | _aRU | ||
| 105 | _ay ||||||||| | ||
| 200 | 1 |
_aБудущий русско-германский торговый договор _fА.И. Шингарев |
|
| 210 | _d1913 | ||
| 461 | 0 |
_1001RU\NLR\INFOCOMM16\1000100104 _12001#$aИзвестия Общества финансовых реформ$v№8 _93347792 _aОбщество финансовых реформ (Петербург) _cСПб. _d1910-1915 _tИзвестия Общества финансовых реформ _v№8 |
|
| 700 | 1 |
_aШингарев _bА. И. _4070 |
|
| 801 | 0 |
_aRU _bNLR _gPSBO |
|
| 801 | 1 |
_aRU _bInfoComm _c20040531 |
|
| 852 |
_aNLR _j2/714 |
||
| 942 | _cISSUE | ||
| 980 | _aNB | ||
| 980 | _aRUSPER | ||